The noble scholar, jurist, historian


 His Excellency Dr. Abdul Wahhab bin Ibrahim Abu Sulaiman, may Allah have mercy on him.


 He was born in Umm Al-Qura in the year 1356 AH.

المعجم الوسيط / (Record no. 10398)

MARC details
000 -LEADER
fixed length control field 01277cam a22002891ia4500
003 - CONTROL NUMBER IDENTIFIER
control field SA-RiAUC
005 - DATE AND TIME OF LATEST TRANSACTION
control field 20250731060041.0
008 - FIXED-LENGTH DATA ELEMENTS--GENERAL INFORMATION
fixed length control field 250731s1972 ua f d f000 0 ara c
040 ## - CATALOGING SOURCE
Original cataloging agency AE-AiULD
Language of cataloging ara
Transcribing agency SA-RiAUC
Description conventions rda
050 #4 - LIBRARY OF CONGRESS CALL NUMBER
Item number .M35 1972
082 04 - DEWEY DECIMAL CLASSIFICATION NUMBER
Classification number 413
Assigning agency SA-RiAUC
090 ## - LOCALLY ASSIGNED LC-TYPE CALL NUMBER (OCLC); LOCAL CALL NUMBER (RLIN)
Classification number (OCLC) (R) ; Classification number, CALL (RLIN) (NR) 413
Local cutter number (OCLC) ; Book number/undivided call number, CALL (RLIN) م ج م
110 2# - MAIN ENTRY--CORPORATE NAME
Corporate name or jurisdiction name as entry element مجمع اللغة العربية (القاهرة)
Relator term مؤلف.
245 12 - TITLE STATEMENT
Title المعجم الوسيط /
Statement of responsibility, etc. مجمع اللغة العربية ؛ قام بإخراج هذه الطبعة إبراهيم أنيس [ومجموعة آخرون] ؛ أشرف على الطبع حسن علي عطية، محمد شوقي أمين.
250 ## - EDITION STATEMENT
Edition statement الطبعة الثانية.
264 #1 - PRODUCTION, PUBLICATION, DISTRIBUTION, MANUFACTURE, AND COPYRIGHT NOTICE
Place of production, publication, distribution, manufacture القاهرة :
Name of producer, publisher, distributor, manufacturer مجمع اللغة العربية،
Date of production, publication, distribution, manufacture, or copyright notice 1972
300 ## - PHYSICAL DESCRIPTION
Extent 2 مجلد (16 ؛ 1067 صفحة) ؛
Dimensions 26 سم
336 ## - CONTENT TYPE
Content type term نص
Content type code txt
Source rdacontent
Materials specified كتاب
337 ## - MEDIA TYPE
Media type term بدون وسيط
Media type code n
Source rdamedia
338 ## - CARRIER TYPE
Carrier type term مجلد
Carrier type code nc
Source rdacarrier
650 #7 - SUBJECT ADDED ENTRY--TOPICAL TERM
Topical term or geographic name entry element اللغة العربية
Form subdivision معاجم
Source of heading or term aucsh
700 1# - ADDED ENTRY--PERSONAL NAME
Personal name أنيس، إبراهيم،
Dates associated with a name 1906-1977
Relator term معد.
700 1# - ADDED ENTRY--PERSONAL NAME
Personal name عطية، حسن علي
Relator term مشرف.
700 1# - ADDED ENTRY--PERSONAL NAME
Personal name أمين، محمد شوقي،
Dates associated with a name 1910-1990
Relator term مشرف.
942 ## - ADDED ENTRY ELEMENTS (KOHA)
Source of classification or shelving scheme Dewey Decimal Classification
Koha item type Books
Suppress in OPAC No
949 ## - LOCAL PROCESSING INFORMATION (OCLC)
a SA-JeALM
d 250731
u eid123
n 1
Holdings
Withdrawn status Lost status Source of classification or shelving scheme Materials specified (bound volume or other part) Damaged status Not for loan Home library Current library Date acquired Total checkouts Full call number Barcode Date last seen Price effective from Koha item type
    Dewey Decimal Classification الجزء الاول     DR AbdElwahab Library DR AbdElwahab Library 07/31/2025   413 م ج م 000016849 07/31/2025 07/31/2025 Books
    Dewey Decimal Classification الجزء الثاني     DR AbdElwahab Library DR AbdElwahab Library 07/31/2025   413 م ج م 000016850 07/31/2025 07/31/2025 Books